000 00583nam a2200193Ia 4500
003 LK-CoDNM
005 20241129092320.0
008 010623t1968 xxu||||| |||| 00| 1 sin d
040 _aLK-CoDNM
_dLK-CoDNM
_eLK-CoDNM
041 _asin
080 _a294.32
_bDEL
100 _aDe Lanarol,S.D.
245 _aආර්ය අෂ්ඨාංගික මාර්ගය හා එහි පසුබිම
246 _aArya Astangika Margaya saha Ehi Pasubima
260 _bජයතිලක
_c1968
_aකොළඹ
300 _b101p. : 21 cm
650 _aBuddhism
942 _cBK
999 _c107595
_d107595